Best Players of 2018 (according to afl player ratings) - Statistics

General Stats
  • This quiz has been taken 241 times
  • The average score is 27 of 50
Answer Stats
Team the player plays for Player % Correct
Richmond (2) Dustin Martin
98%
Geelong (1) Patrick Dangerfield
95%
Fremantle (3) Nat Fyfe
90%
Collingwood (14) Scott Pendlebury
87%
Fremantle (12) Lachie Neale
85%
Melbourne (11) Max Gawn
85%
Melbourne (4) Clayton Oliver
83%
Sydney (7) Lance Franklin
82%
Collingwood (5) Brodie Grundy
81%
Hawthorn (13) Tom Mitchell
81%
Richmond (43) Trent Cotchin
81%
Adelaide (8) Rory Sloane
78%
Carlton (20) Patrick Cripps
77%
Western Bulldogs (22) Marcus Bontempelli
76%
Brisbane (6) Dayne Zorko
75%
GWS (17) Josh Kelly
74%
Sydney (38) Josh Kennedy
74%
Sydney (15) Luke Parker
69%
Geelong (36) Garry Ablett
68%
Collingwood (29) Steele Sidebottom
66%
Richmond (41) Jack Riewoldt
64%
West Coast (31) Luke Shuey
64%
Collingwood (21) Adam Treloar
62%
GWS (9) Callan Ward
60%
North Melbourne (10) Ben Cunnington
59%
Port Adelaide (27) Robbie Gray
58%
West Coast (23) Jeremy Mcgovern
51%
West Coast (30) Elliot Yeo
45%
Hawthorn (48) Jack Gunston
44%
Collingwood (44) Taylor Adams
44%
Essendon (42) Zach Merrett
44%
Western Bulldogs (28) Jack Macrae
43%
Adelaide (45) Matt Crouch
43%
Fremantle (46) David Mundy
41%
North Melbourne (25) Todd Goldstein
41%
GWS (47) Dylan Shiel
40%
Sydney (34) Isaac Heeney
39%
North Melbourne (26) Shaun Higgins
35%
St Kilda (40) Jack Steven
30%
Geelong (32) Mitch Duncan
30%
Richmond (18) Shane Edwards
26%
Hawthorn (39) Luke Bruest
25%
Collingwood (49) Jack Crisp
24%
Port Adeliade (16) Paddy Ryder
21%
Hawthorn (19) Ben Mcevoy
17%
Richmond (50) Kane Lambert
15%
Melbourne (37) Tom Mcdonald
13%
Hawthorn (35) Shaun Burgoyne
11%
Geelong (24) Sam Menegola
7%
Gold Coast (33) Jarryd Lyons
6%
No matching quizzes found
Score Distribution
Percent of People with Each Score
Percentile by Number Answered
Your Score History
You have not taken this quiz